000 00460nam a2200181 a 4500
001 18465
003 CO-ViMGA
008 141112s2004 ck r 000 u spa d
020 _a9586020630
040 _aCO-ViMGA
_bspa
_cCO-ViMGA
082 0 4 _aCARpi
100 1 _aCarrut, Jane
_926294
245 1 0 _aLa pierna lastimada
260 _aBogotá,
_cCirculo de lectores,
_c1982
300 _a22.p.
650 1 4 _aCUENTOS INFANTILES INGLESES
_915884
942 _2ddc
_cBK
999 _c27761
_d27761